Transforming philosophy and religion (Record no. 38686)
[ view plain ]
| 000 -LEADER | |
|---|---|
| fixed length control field | 01690nam a2200409 a 4500 |
| 082 04 - DEWEY DECIMAL CLASSIFICATION NUMBER | |
| Classification number | 190 |
| 245 00 - TITLE STATEMENT | |
| Title | Transforming philosophy and religion |
| 260 ## - PUBLICATION, DISTRIBUTION, ETC. (IMPRINT) | |
| Place of publication | Bloomington : |
| Name of publisher | Indiana University Press, |
| Year of publication | c2008. |
| 300 ## - PHYSICAL DESCRIPTION | |
| Number of Pages | vi, 263 p. |
| 490 1# - SERIES STATEMENT | |
| Series statement | Indiana series in the philosophy of religion |
| 505 0# - FORMATTED CONTENTS NOTE | |
| Formatted contents note | pt. 1. The nature of the quest -- pt. 2. Injustice -- pt. 3. The sacred -- pt. 4. Rethinking humanity. |
| 650 #0 - SUBJECT ADDED ENTRY--TOPICAL TERM | |
| Topical Term | Love. |
| Topical Term | Philosophy. |
| Topical Term | Religion |
| Topical Term | Love |
| 700 1# - ADDED ENTRY--PERSONAL NAME | |
| Personal name | Wirzba, Norman. |
| Personal name | Benson, Bruce Ellis, |
| 856 40 - ELECTRONIC LOCATION AND ACCESS | |
| Uniform Resource Identifier | http://site.ebrary.com/lib/rucke/Doc?id=10235121 |
No items available.
